000
00253nam a2200109Ia 4500
008
220204s9999 xx 000 0 und d
082
_a
82-3
_b
SLA
100
_a
Slaughter, Carolyn
245
0
_a
Relations
260
_a
New York
_b
Pocket
_c
1976
942
_c
BK
999
_c
32164
_d
32164